01285nam a22002537a 4500003001000000005001700010007000300027008004100030015001200071020002200083040003400105044001300139080002100152100004500173245005600218250002500274260003800299300002100337490003000358520055500388650003300943655002600976655002901002AR-RoUNCS20260306090452.0ta130604s2013 ag jr 001 f spa  aAR-2013 a978-987-642-234-5 aAR-BaBNbspacAR-RoUNCSeaacr aagcar-c1 a82-32(460)220161 aGisbert, Joan Manuel,d1949-eautor4aut14aLa feria de la noche eterna /cJoan Manuel Gisbert. a1a ed. en Argentina. aBuenos Aires :bEdelvives,c2013. a200 p. ;c22 cm.0 aColección Alandar ;v203 aUna extraña feria, con misteriosas atracciones y personal inquitante, atrae hasta la fascinación a Emilio, un muchacho que, por distintas circunstancias, está en la casa de un familiar casi desconocido para él. Emilio sospecha que la feria es una apariencia que oculta algo más, un espacio secreto y prodigioso, en el que cosas insospechadas, o temibles, pueden ocurrir. Será la pálida y enigmática Georgia quien se ofrezca como guía hacia lo que está surgiendo en la zona más desconocida de la noche. (Descripción del editor) 72embneaLiteratura española 7aNovelas cortas2embne 7aNovelas juveniles2embne